| 000 | 00465nam a2200193Ia 4500 | ||
|---|---|---|---|
| 008 | 210210b1953 xxu||||| |||| 00| 0 eng d | ||
| 041 | _aeng | ||
| 082 | _a825/170 | ||
| 100 | _aCHAPMAN (R W) | ||
| 245 | _aJohnsonian and other essays and reviews | ||
| 260 |
_aOxford _bAt the Clarendon Press _c1953 |
||
| 650 | _areviews | ||
| 650 | _aother | ||
| 650 | _aJohnsonian | ||
| 650 | _aessays | ||
| 650 | _aand | ||
| 690 | _aEnglish Criticism | ||
| 906 | _a014487 | ||
| 999 |
_c133670 _d133670 |
||